Sports Quiz

Random Sports or WWE Quiz

35 Best Wrestlemania Matches Quiz Stats

 Plays Quiz not verified by Sporcle

Score 0/87 Timer 10:00
0 Plays Today
Wrestlemania Wrestler % Correct
WreslteMania 30The Undertaker
98.4%
WreslteMania 24The Undertaker
98.4%
WreslteMania 29The Undertaker
98.4%
WreslteMania 28The Undertaker
98.4%
WreslteMania 26The Undertaker
98.4%
WreslteMania 25The Undertaker
98.4%
WreslteMania 30Brock Lesnar
97.6%
WreslteMania 18Triple H
97.6%
WreslteMania 31Brock Lesnar
97.6%
WreslteMania 28Triple H
97.6%
WreslteMania 30Triple H
97.6%
WreslteMania 34Triple H
97.6%
WreslteMania 19Brock Lesnar
97.6%
WreslteMania 22Edge
95.9%
WreslteMania 21Edge
95.9%
WreslteMania 19The Rock
95.9%
WreslteMania 24Edge
95.9%
WreslteMania 18The Rock
95.9%
WreslteMania 17Edge
95.9%
WreslteMania 17The Rock
95.9%
WreslteMania 19Steve Austin
95.1%
WreslteMania 19Shawn Michaels
95.1%
WreslteMania 23Shawn Michaels
95.1%
WreslteMania 34Kurt Angle
95.1%
WreslteMania 19Kurt Angle
95.1%
WreslteMania 20Kurt Angle
95.1%
WreslteMania 26Shawn Michaels
95.1%
WreslteMania 24Shawn Michaels
95.1%
WreslteMania 12Shawn Michaels
95.1%
Wrestlemania Wrestler % Correct
WreslteMania 10Shawn Michaels
95.1%
WreslteMania 21Shawn Michaels
95.1%
WreslteMania 21Kurt Angle
95.1%
WreslteMania 17Steve Austin
95.1%
WreslteMania 13Steve Austin
95.1%
WreslteMania 25Shawn Michaels
95.1%
WrestleMania 33Shane McMahon
94.3%
WreslteMania 8Bret Hart
94.3%
WreslteMania 32Charlotte Flair
94.3%
WreslteMania 6Hulk Hogan
94.3%
WreslteMania 31Roman Reigns
94.3%
WreslteMania 18Hulk Hogan
94.3%
WreslteMania 10Bret Hart
94.3%
WreslteMania 12Bret Hart
94.3%
WreslteMania 17Jeff Hardy
94.3%
WreslteMania 17Matt Hardy
94.3%
WreslteMania 13Bret Hart
94.3%
WreslteMania 21Christian
93.5%
WreslteMania 30Daniel Bryan
93.5%
WreslteMania 34Stephanie McMahon
93.5%
WreslteMania 7Randy Savage
93.5%
WreslteMania 30Daniel Bryan
93.5%
WreslteMania 24Ric Flair
93.5%
WreslteMania 17Christian
93.5%
WreslteMania 10Owen Hart
92.7%
WreslteMania 30Randy Orton
91.9%
WreslteMania 29CM Punk
90.2%
WreslteMania 30Batista
90.2%
WreslteMania 21Chris Jericho
89.4%
Wrestlemania Wrestler % Correct
WreslteMania 19Chris Jericho
89.4%
WreslteMania 23John Cena
89.4%
WreslteMania 34Ronda Rousey
89.4%
WreslteMania 3Randy Savage
89.4%
WreslteMania 18Chris Jericho
88.6%
WreslteMania 32Sasha Banks
88.6%
WreslteMania 32Becky Lynch
88.6%
WreslteMania 6Ultimate Warrior
88.6%
WreslteMania 7The Ultimate Warrior
88.6%
WreslteMania 17D-Von Dudley
88.6%
WreslteMania 17Bubbra Ray Dudley
87%
WreslteMania 21Chris Benoit
85.4%
WrestleMania 33AJ Styles
84.6%
WreslteMania 21Kane
83.7%
WreslteMania 22Mick Foley
82.9%
WreslteMania 20Eddie Guerrero
82.1%
WreslteMania 10Razor Ramon
80.5%
WreslteMania 32Kevin Owens
79.7%
WreslteMania 32The Miz
78.9%
WreslteMania 3Ricky Steamboat
77.2%
WreslteMania 21Shelton Benjamin
76.4%
WreslteMania 12Goldust
76.4%
WreslteMania 12Roddy Piper
74.8%
WreslteMania 8Roddy Piper
74.8%
WreslteMania 32Sami Zayn
74.8%
WreslteMania 32Zack Ryder
73.2%
WreslteMania 32Dolph Ziggler
65.9%
WreslteMania 32Stardust
63.4%
WreslteMania 32Sin Cara
55.3%

You're not logged in!

Compare scores with friends on all Sporcle quizzes.
OR
Log In

Sporcle TV

Today on Sporcle TV


Watch our educational content, quiz creation guides, and fun videos on Sporcle TV.

Show Comments

Extras

Top Quizzes Today


Score Distribution

Your Account Isn't Verified!

In order to create a playlist on Sporcle, you need to verify the email address you used during registration. Go to your Sporcle Settings to finish the process.

Report this User

Report this user for behavior that violates our Community Guidelines.

Details: